| 000 | 01002nam0a22003011 4500 | ||
|---|---|---|---|
| 001 | v19\rc\1344951 | ||
| 005 | 20260405152452.0 | ||
| 035 | _a(NLR Aleph) 004492070 | ||
| 090 |
_a4654436 _c4654436 |
||
| 100 | _a20060512d1860 |||y0rusy50 ca | ||
| 101 | 0 | _arus | |
| 102 | _aRU | ||
| 105 | _ay z ||||| | ||
| 200 | 1 |
_aОбзор г. Киева и план его с описанием _fД.Т. |
|
| 210 |
_aКиев _cГуб. тип. _d1860 |
||
| 215 |
_a12 с. _d21 |
||
| 316 |
_aЭкз. РНБ (18.8.3.307): деф.: отсутствует план _5NLR: 18.8.3.307 |
||
| 532 | 1 | 2 | _aОбзор города Киева и план его с описанием |
| 702 | 1 |
_4220 _8rus _7ca _aТитарев _bД. Ю. _gДенис Ю. _3RU\NLR\AUTH\7763556 _946485 |
|
| 801 | 0 |
_aRU _bNLR _gpsbo |
|
| 801 | 0 |
_aRU _bRuMoRGB _2psbo |
|
| 801 | 1 |
_aRU _bProSoft-M _2rusmarc |
|
| 852 |
_aNLR _j18.8.3.307 |
||
| 899 |
_aRuMoRGB _jU 269/635 |
||
| 899 | _aБАН | ||
| 899 | _aНБ СПбГУ | ||
| 942 | _cBOOK | ||
| 980 | _aNB | ||